000 00713cam a2200241 a 4500
999 _c2223
_d2223
001 (Sirsi) a948709
003 OSt
005 20230403094723.0
008 071210r20082000enka c 000 1 eng
020 _a9780552557849
_q(pbk.) :
040 _aStDuBDS
_beng
_cStDuBDS
_dTAE
_dKH8
042 _anbic
082 0 _a823.914 WIL
100 1 _aWilson, Jacqueline.
_eauthor
245 1 0 _aLizzie zipmouth /
_cJacqueline Wilson ; illustrated by Nick Sharratt.
260 _aLondon :
_bYoung Corgi,
_c2008.
300 _a78 p. :
_bill. ;
_c20 cm.
500 _aOriginally published: 2000.
521 _aAges 9-12.
650 0 _aStepfamilies
_vJuvenile fiction.
700 1 _aSharratt, Nick.
_eill
942 _2ddc
_cNFIC